00979ntm a22002297a 450000500170000000800410001704000280005808200170008610000330010324501430013626000100027930000400028950001930032959000100052265000390053265300230057165500090059470000240060394200080062799900170063595200970065220170807153637.0170802s2013 xx a frb 000 0 eng d aEG-ScBUEbengcEG-ScBUE04222a624bABA1 aAbadir,Youssef Mourad Fahmy.10aPublic private partnership as an approach for developing infratstructural projects in developing countries /cYoussef Mourad Fahmy Abadir. c2013. avii, 93 p. :bill. (col.) ;c28 cm. aA dissertation submitted to the faculty of engineering,civil department theBritish Univerity inEgypt,in partial fulfillment of the requirements for the bachelor degree in civil engineering anagwa 72BUEshaCivil EngineeringvProjects bENGCIVcAugust2017 vSPRO1 aOthman, Ayman.eths 2ddc c25213d25185 00102ddc4070aMAINbMAINc2NDd2017-08-07l0o624 ABAp000046357r2025-07-15 00:00:00yBB